| 000 | 01085nam a2200325Ia 4500 | ||
|---|---|---|---|
| 003 | OSt | ||
| 005 | 20221007122504.0 | ||
| 006 | a|||||r|||| 00| 0 | ||
| 007 | ta | ||
| 008 | 221006b |||||||| |||| 00| 0 eng d | ||
| 020 | _a9788181281616 (pbk) | ||
| 024 | _a102314 | ||
| 037 |
_b2830, 14/06/2010, New India Book Agency _cTextbook |
||
| 040 |
_aPAPL _cPAPL _beng |
||
| 041 |
_2eng _aeng |
||
| 082 | _aC21, N1;P3;9-;12 Carpa | ||
| 100 |
_aIbach H _9714470 |
||
| 245 | 0 |
_aSolid state physics:an introduction to principles of material science _b Luth H |
|
| 250 | _a3 | ||
| 260 |
_aBerlin _bSpringer _c2003 |
||
| 300 |
_axii, 501p. _ccm. |
||
| 490 | _aAdvanced texts in physics | ||
| 500 | _aIncludes bibliographical references.; References 473-485p.; Index 495-501p. | ||
| 650 |
_a Solid theory _9714130 |
||
| 650 |
_a State physics _9714131 |
||
| 650 | _aPhysics | ||
| 700 |
_a Luth H _9714471 |
||
| 942 |
_hC21, N1;P3;9-;12 Carpa _cTB _2CC |
||
| 999 |
_c1210437 _d1210437 |
||